| 000 | 00623nam a2200241 a 4500 | ||
|---|---|---|---|
| 001 | 14351 | ||
| 003 | BD-JhCC | ||
| 005 | 20250306113318.0 | ||
| 008 | 250302b19972015e |||| ||a| 001 0 eng d | ||
| 020 | _a9780141397863 | ||
| 035 | _a(BD-JhCC)14351 | ||
| 040 |
_aBD-JhCC _dBD-JhCC |
||
| 041 | _aenglish | ||
| 082 |
_a870 _bTHE 2015 |
||
| 245 | _aThe Saga of Gunnlaug Serpent-tongue / | ||
| 260 |
_aNew York: _bPenguin Books; _c2015. |
||
| 300 |
_a56 p. : _c16 cm. |
||
| 490 | _aPenguin Classics: 03 | ||
| 500 | _aPenguin Classics: 03 | ||
| 650 | _a Latin Literature (Classical). | ||
| 942 |
_2ddc _cBK |
||
| 999 |
_c14351 _d14351 |
||